A first year engineering drawing ; covering the first year national certificate course in mechanical engineering (Record no. 199467)

MARC details
000 -LEADER
fixed length control field 00451nam a2200145Ia 4500
008 - FIXED-LENGTH DATA ELEMENTS--GENERAL INFORMATION
fixed length control field 231217s9999 xx 000 0 und d
041 ## - LANGUAGE CODE
Language code of text/sound track or separate title English
082 ## - DEWEY DECIMAL CLASSIFICATION NUMBER
Classification number 604.2 PAR;3
100 ## - MAIN ENTRY--PERSONAL NAME
Personal name Parkinson, A C. Currie, J H.
245 #2 - TITLE STATEMENT
Title A first year engineering drawing ; covering the first year national certificate course in mechanical engineering
250 ## - EDITION STATEMENT
Edition statement 5th ed.
260 ## - PUBLICATION, DISTRIBUTION, ETC.
Date of publication, distribution, etc. 1997
Name of publisher, distributor, etc. Sir Isaac Pitman,
Place of publication, distribution, etc. London
300 ## - PHYSICAL DESCRIPTION
Extent x, 182
942 ## - ADDED ENTRY ELEMENTS (KOHA)
Koha item type Books
Holdings
Date last seen Total checkouts Full call number Accession number Price effective from Category Public note Lost status Damaged status Department Withdrawn status Home library Current library Shelving location Entry date Grants Currency symbol Conversion rate Discount
26/01/2024   604.2 PAR;3 93211 26/01/2024 Books Rare book     Central Library   Central Library Central Library Central Library 17/02/2020 DONATED RS 1  

© For any Suggestions or Query, please contact the library staff @ librarian@pes.edu or Phone: +9180 2672 1983/ 2108.